Political change and underdevelopment : a critical introduction to third world politics
Αποθηκεύτηκε σε:
| Κύριος συγγραφέας: | |
|---|---|
| Άλλοι συγγραφείς: | |
| Μορφή: | Βιβλίο |
| Γλώσσα: | English |
| Δημοσίευση: |
London :
Macmillan,
1985
|
| Θέματα: | |
| Ετικέτες: |
Προσθήκη ετικέτας
Δεν υπάρχουν, Καταχωρήστε ετικέτα πρώτοι!
|
MARC
| LEADER | 00000nam a2200000 i 4500 | ||
|---|---|---|---|
| 001 | 1/32011 | ||
| 008 | 960409s1985 eng d | ||
| 020 | |a 0333339657 | ||
| 035 | |l 10023683 | ||
| 040 | |a GR-MY-UA |b gre |e aacr | ||
| 041 | 0 | |a eng | |
| 082 | 0 | |a 320.91724 | |
| 100 | 1 | |a Randall, Vicky. | |
| 245 | 1 | 0 | |a Political change and underdevelopment : |b a critical introduction to third world politics / |c Randal Vicky, Theobald Robin |
| 260 | |a London : |b Macmillan, |c 1985 | ||
| 300 | |a 219 p. | ||
| 651 | 0 | |a Developing countries |x Politics and government. | |
| 700 | 1 | |a Theobald, Robin. | |
| 852 | |a INST |b CHIOS |e 19960409 |h 320.91724 RAN |p 005200006099 |q 005200006099 |t BK |y 0 | ||
| 909 | |a Χ |b 001742 | ||